000 00312nam a22001337a 4500
008 170519b xxu||||| |||| 00| 0 eng d
020 _a9780495096757
041 _aeng
080 _24 ED
_a94(7/8)
100 _a16
101 _aSHH
245 _aVOICES OF THE AMERICAN PAST
_cHYSER.R.M
942 _2udc
_cBK
999 _c13516
_d13516